Nelson practice book of phrasal verbs

Αποθηκεύτηκε σε:
Λεπτομέρειες βιβλιογραφικής εγγραφής
Κύριος συγγραφέας: Walker, Julian C. A.
Μορφή: Βιβλίο
Γλώσσα:English
Δημοσίευση: Edinburgh : Thomas Nelson and Sons, 1982
Θέματα:
Ετικέτες: Προσθήκη ετικέτας
Δεν υπάρχουν, Καταχωρήστε ετικέτα πρώτοι!

MARC

LEADER 00000nam a2200000 i 4500
001 1/71215
008 960718s1982 eng d
020 |a 0-17-555368-8 
035 |a 1989  |b 1  |c Πολεμικού  |l 10030886 
040 |a GR-MY-UA  |b gre  |e aacr 
041 0 |a eng 
082 0 |a 428.2076 
100 1 |a Walker, Julian C. A. 
245 1 0 |a Nelson practice book of phrasal verbs /  |c Julian C. A. Walker 
246 3 3 |a Phrasal verbs 
260 |a Edinburgh :   |b Thomas Nelson and Sons,   |c 1982 
300 |a 61 p. 
504 |a Includes index 
650 0 0 |a English language  |x Study and teaching. 
650 0 0 |a Language and languages  |x Study and teaching. 
852 |a INST  |b RHODES  |e 19960718  |h 428.2076 WAL  |p 005400009002  |q 005400009002  |t BK  |y 0 
909 |a Ρ  |b 013783 
970 |a ΧΟΡΟΖΙΔΟΥ  |b ΤΖΕΝΗ  |z 2000/02/14